[Event "Novosibirsk Sukharev Memorial Seniors"]
[Site "Novosibirsk"]
[Date "2012.07.26"]
[Round "9"]
[White "Pukhov, Boris"]
[Black "Kuryshev, Alexander"]
[Result "0-1"]
[WhiteElo "1975"]
[BlackElo "1918"]
[PlyCount "58"]
[EventDate "2012.07.18"]
[EventType "swiss"]
[EventRounds "9"]
[EventCountry "RUS"]
[SourceTitle "EXT 2014"]
[Source "ChessBase"]
[SourceDate "2013.11.20"]
[SourceVersion "1"]
[SourceVersionDate "2013.11.20"]
[SourceQuality "1"]

1. e4 e6 2. Bc4 b6 3. c3 Bb7 4. d3 f5 5. Qe2 fxe4 6. dxe4 Qh4 7. Nd2 Nc6 8. g3 Qf6 9. f4 Bc5 10. Nh3 Nge7 11. Rf1 0-0-0 12. Nf2 d5 13. Ng4 Qf7 14. Ba6 h5 15. Bxb7+ Kxb7 16. b4 hxg4 17. bxc5 d4 18. Bb2 dxc3 19. Bxc3 Nd4 20. Bxd4 Rxd4 21. Rf2 Rhd8 22. Qb5 a6 23. Qb2 Nc6 24. cxb6 cxb6 25. Rc1 Nb4 26. Qc3 Nd3+ 27. Kf1 Nxf2 28. Qc6+ Ka7 29. Nc4 Qb7 0-1

[Event "Novosibirsk Sukharev Memorial Seniors"]
[Site "Novosibirsk"]
[Date "2012.07.24"]
[Round "7"]
[White "Kuryshev, Alexander"]
[Black "Gavrilov, Gennady"]
[Result "0-1"]
[WhiteElo "1918"]
[BlackElo "2091"]
[PlyCount "114"]
[EventDate "2012.07.18"]
[EventType "swiss"]
[EventRounds "9"]
[EventCountry "RUS"]
[SourceTitle "EXT 2014"]
[Source "ChessBase"]
[SourceDate "2013.11.20"]
[SourceVersion "1"]
[SourceVersionDate "2013.11.20"]
[SourceQuality "1"]

1. Nf3 Nf6 2. b3 e6 3. Bb2 d5 4. e3 Nbd7 5. Be2 Bd6 6. d4 c6 7. 0-0 0-0 8. Ba3 Bxa3 9. Nxa3 Ne4 10. Bd3 f5 11. g3 Qe7 12. Nb1 b5 13. c3 a5 14. a3 Ba6 15. b4 Bb7 16. Qc2 e5 17. Bxe4 fxe4 18. Nxe5 Nxe5 19. dxe5 Bc8 20. Qe2 Qxe5 21. Ra2 Bh3 22. f4 Bxf1 23. Qxf1 Qe6 24. Rb2 axb4 25. cxb4 d4 26. exd4 e3 27. Qd3 Rfe8 28. Re2 Qe4 29. Qxe4 Rxe4 30. Kg2 Rxd4 31. Rxe3 Rc4 32. Kf3 Rc2 33. h4 h5 34. Re5 g6 35. g4 hxg4+ 36. Kxg4 Rg2+ 37. Kf3 Rb2 38. Re1 Kf7 39. Rc1 Ra6 40. Ke4 Rh2 41. Rd1 Rxh4 42. Rd7+ Ke6 43. Rg7 Kf6 44. Rg8 Kf7 45. Rd8 g5 46. Ke5 Rxf4 47. Rd7+ Kg6 48. Rd6+ Kh5 49. Rd8 Kg4 50. Rc8 Rf1 51. Nd2 Re1+ 52. Ne4 Rxa3 53. Kd4 Rxe4+ 54. Kxe4 Rb3 55. Rxc6 Rxb4+ 56. Ke3 Kg3 57. Rg6 g4 0-1

[Event "Novosibirsk Sukharev Memorial Seniors"]
[Site "Novosibirsk"]
[Date "2012.07.22"]
[Round "5"]
[White "Romanov, Viktor"]
[Black "Kuryshev, Alexander"]
[Result "1-0"]
[WhiteElo "1977"]
[BlackElo "1918"]
[PlyCount "119"]
[EventDate "2012.07.18"]
[EventType "swiss"]
[EventRounds "9"]
[EventCountry "RUS"]
[SourceTitle "EXT 2014"]
[Source "ChessBase"]
[SourceDate "2013.11.20"]
[SourceVersion "1"]
[SourceVersionDate "2013.11.20"]
[SourceQuality "1"]

1. d4 e6 2. c4 b6 3. e4 Bb7 4. Bd3 f5 5. exf5 Bxg2 6. Qh5+ g6 7. fxg6 Bg7 8. gxh7+ Kf8 9. hxg8Q+ Kxg8 10. Qg4 Bxh1 11. Bg5 Qe8 12. Be4 Bxe4 13. Qxe4 Nc6 14. Nf3 Qh5 15. Nbd2 Rf8 16. h4 Qh7 17. Qxh7+ Rxh7 18. 0-0-0 Bxd4 19. Nxd4 Nxd4 20. Ne4 Nf5 21. Nf6+ Rxf6 22. Bxf6 d6 23. Rh1 Kf7 24. Bg5 Kg6 25. Kd2 e5 26. Kd3 Rf7 27. Ke4 Ng7 28. f4 Nh5 29. Rg1 exf4 30. Bxf4+ Kh7 31. Bc1 Re7+ 32. Kd4 Re5 33. Rg5 c5+ 34. Kc3 Nf6 35. Rxe5 dxe5 36. Kd3 Ng4 37. Bg5 Nf2+ 38. Ke2 Ne4 39. Ke3 Nd6 40. b3 Kg6 41. Bd8 Kf5 42. Bc7 Nc8 43. h5 Ne7 44. h6 Kg6 45. Bxe5 Kxh6 46. Ke4 Kg6 47. Bc3 Kf7 48. Ke5 Ke8 49. Kd6 Nf5+ 50. Kc7 Nd4 51. Kb7 b5 52. Kxa7 Kd7 53. Kb6 b4 54. Be1 Nc2 55. Bg3 Nd4 56. Kxc5 Ne2 57. Be1 Nc1 58. Bxb4 Nxa2 59. Bd2 Kc7 60. b4 1-0

[Event "Novosibirsk Sukharev Memorial Seniors"]
[Site "Novosibirsk"]
[Date "2012.07.21"]
[Round "4"]
[White "Kuryshev, Alexander"]
[Black "Merkuriev, Vyacheslav Aleksand"]
[Result "1-0"]
[WhiteElo "1918"]
[BlackElo "1982"]
[PlyCount "91"]
[EventDate "2012.07.18"]
[EventType "swiss"]
[EventRounds "9"]
[EventCountry "RUS"]
[SourceTitle "EXT 2014"]
[Source "ChessBase"]
[SourceDate "2013.11.20"]
[SourceVersion "1"]
[SourceVersionDate "2013.11.20"]
[SourceQuality "1"]

1. Nf3 d5 2. b3 Nf6 3. Bb2 e6 4. e3 g6 5. Be2 Bg7 6. c4 dxc4 7. bxc4 0-0 8. d4 c5 9. 0-0 cxd4 10. Nxd4 a6 11. Nd2 Qc7 12. Qb3 Rd8 13. Rfd1 Nbd7 14. Rac1 Nc5 15. Qa3 Bd7 16. Bf3 e5 17. Nc2 e4 18. Bxf6 Bxf6 19. Nxe4 Nxe4 20. Bxe4 Be5 21. g3 Bc6 22. Bxc6 Qxc6 23. Qb3 Rab8 24. Nb4 Qf3 25. Rd5 Rxd5 26. Nxd5 h5 27. Qd1 Qxd1+ 28. Rxd1 Kg7 29. f4 Bd6 30. Kf1 Bc5 31. Ke2 b5 32. Rb1 b4 33. e4 a5 34. e5 h4 35. g4 h3 36. Nc3 Rd8 37. Ne4 Rd4 38. Nxc5 Rxc4 39. Nd3 Rc2+ 40. Ke3 Rxh2 41. Nf2 Rg2 42. Kf3 Kf8 43. a3 bxa3 44. Ra1 a2 45. Rxa2 Rg1 46. Nxh3 1-0

[Event "Novosibirsk Sukharev Memorial Seniors"]
[Site "Novosibirsk"]
[Date "2012.07.20"]
[Round "3"]
[White "Kuryshev, Alexander"]
[Black "Pshenichnikov, Valerij"]
[Result "1-0"]
[WhiteElo "1918"]
[BlackElo "1719"]
[PlyCount "23"]
[EventDate "2012.07.18"]
[EventType "swiss"]
[EventRounds "9"]
[EventCountry "RUS"]
[SourceTitle "EXT 2014"]
[Source "ChessBase"]
[SourceDate "2013.11.20"]
[SourceVersion "1"]
[SourceVersionDate "2013.11.20"]
[SourceQuality "1"]

1. b3 e5 2. Bb2 d6 3. e3 Nf6 4. d4 Nbd7 5. c4 Qe7 6. Be2 g6 7. Nc3 Bg7 8. Nb5 Nb8 9. dxe5 dxe5 10. Ba3 c5 11. Nd6+ Kd7 12. Nf5+ 1-0

[Event "Novosibirsk Sukharev Memorial Seniors"]
[Site "Novosibirsk"]
[Date "2012.07.19"]
[Round "2"]
[White "Abanin, Vladimir"]
[Black "Kuryshev, Alexander"]
[Result "0-1"]
[WhiteElo "1840"]
[BlackElo "1918"]
[PlyCount "66"]
[EventDate "2012.07.18"]
[EventType "swiss"]
[EventRounds "9"]
[EventCountry "RUS"]
[SourceTitle "EXT 2014"]
[Source "ChessBase"]
[SourceDate "2013.11.20"]
[SourceVersion "1"]
[SourceVersionDate "2013.11.20"]
[SourceQuality "1"]

1. e4 e6 2. d4 b6 3. c4 Bb7 4. Nc3 Bb4 5. Bd3 f5 6. d5 fxe4 7. Bxe4 Nf6 8. Bg5 exd5 9. cxd5 Qe7 10. f3 Qe5 11. Bxf6 Qxf6 12. Qd3 Na6 13. 0-0-0 Nc5 14. Qc4 Bxc3 15. bxc3 Ba6 16. Qd4 Qg5+ 17. Rd2 0-0-0 18. Nh3 Qh6 19. Re1 Rde8 20. c4 Qd6 21. g4 Re7 22. Nf2 Qxh2 23. Rh1 Qg2 24. d6 Nxe4 25. fxe4 c5 26. Qd5 Bb7 27. Qxb7+ Kxb7 28. dxe7 Re8 29. Rxd7+ Ka6 30. Rh3 Qf1+ 31. Rd1 Qxc4+ 32. Kb1 Rxe7 33. Rxh7 Rxe4 0-1

[Event "Novosibirsk Sukharev Memorial Seniors"]
[Site "Novosibirsk"]
[Date "2011.07.25"]
[Round "8"]
[White "Abanin, Vladimir"]
[Black "Kuryshev, Alexander"]
[Result "0-1"]
[WhiteElo "1840"]
[BlackElo "1935"]
[PlyCount "64"]
[EventDate "2011.07.18"]
[EventType "swiss"]
[EventRounds "9"]
[EventCountry "RUS"]
[SourceTitle "EXT 2014"]
[Source "ChessBase"]
[SourceDate "2013.11.20"]
[SourceVersion "1"]
[SourceVersionDate "2013.11.20"]
[SourceQuality "1"]

1. e4 e6 2. d4 d5 3. exd5 exd5 4. c4 Nf6 5. Nc3 Be7 6. Bd3 Nc6 7. Nge2 Bg4 8. Qb3 Na5 9. Qa4+ c6 10. cxd5 Bxe2 11. dxc6 b5 12. c7 Qd7 13. Bxb5 Bxb5 14. Nxb5 Nc6 15. Be3 Bb4+ 16. Nc3 Nd5 17. Rc1 Bxc3+ 18. bxc3 0-0 19. 0-0 Qxc7 20. c4 Nxe3 21. fxe3 Rfe8 22. Rf3 Re7 23. c5 Rd8 24. Rcf1 Qd7 25. Qc4 Qd5 26. Qa4 Rb8 27. Rf5 Qe4 28. R1f3 Ne5 29. Rxe5 Rxe5 30. Qxa7 Rb1+ 31. Kf2 Rf5 32. Qc7 Rb2+ 0-1

[Event "Novosibirsk AS-90 Seniors op"]
[Site "Novosibirsk"]
[Date "2010.11.30"]
[Round "8.8"]
[White "Balutin, Sergei"]
[Black "Kuryshev, Alexander"]
[Result "0-1"]
[WhiteElo "1879"]
[BlackElo "1972"]
[PlyCount "80"]
[EventDate "2010.11.05"]
[EventType "swiss"]
[EventRounds "9"]
[EventCountry "RUS"]
[SourceTitle "EXT 2022"]
[Source "ChessBase"]
[SourceDate "2021.10.06"]
[SourceVersion "1"]
[SourceVersionDate "2021.10.06"]
[SourceQuality "1"]

1. e4 e6 2. f4 b6 3. c4 Bb7 4. Nc3 Bb4 5. d3 d5 6. Qa4+ Nc6 7. Bd2 dxc4 8. dxc4 Nf6 9. 0-0-0 Qe7 10. Bd3 0-0-0 11. Bb1 Nd7 12. Nb5 Bxd2+ 13. Rxd2 a6 14. Nc3 Nc5 15. Qd1 Rxd2 16. Qxd2 Rd8 17. Qe3 Nb4 18. Nf3 Ncd3+ 19. Bxd3 Rxd3 20. Qe2 Qc5 21. Nd2 Re3 22. Qd1 Nd3+ 23. Kb1 Nf2 24. Qg1 Nxh1 25. Nb3 Qxc4 26. Qxe3 Qf1+ 27. Nc1 Qxg2 28. Qe2 Qxe2 29. N1xe2 Nf2 30. e5 Kd7 31. Kc2 Ng4 32. h3 Ne3+ 33. Kd2 Nc4+ 34. Kc2 Bg2 35. Ng1 Ne3+ 36. Kd2 Nf5 37. Kd3 Bf1+ 38. Kd2 Nh4 39. Ke3 Bg2 40. Kf2 Bb7 0-1

[Event "Novosibirsk Seniors op"]
[Site "Novosibirsk"]
[Date "2010.10.02"]
[Round "8"]
[White "Kuryshev, Alexander"]
[Black "Korobkov, Vadim"]
[Result "1-0"]
[WhiteElo "1993"]
[BlackElo "1826"]
[PlyCount "115"]
[EventDate "2010.09.24"]
[EventType "swiss"]
[EventRounds "9"]
[EventCountry "RUS"]
[SourceTitle "EXT 2014"]
[Source "ChessBase"]
[SourceDate "2013.11.20"]
[SourceVersion "1"]
[SourceVersionDate "2013.11.20"]
[SourceQuality "1"]

1. e4 c5 2. d3 e6 3. Be2 Qc7 4. f4 a6 5. Nf3 b5 6. 0-0 Bb7 7. Be3 Nc6 8. Nbd2 Nf6 9. Nb3 d6 10. h3 Be7 11. c3 h6 12. Qe1 a5 13. Qg3 Nh5 14. Qg4 Nf6 15. Qg3 g6 16. a4 b4 17. c4 Nh5 18. Qf2 f5 19. e5 dxe5 20. fxe5 Nxe5 21. Nxe5 Qxe5 22. Bxh5 gxh5 23. d4 Qg7 24. d5 Rg8 25. Nxc5 Bxc5 26. Bxc5 0-0-0 27. Bd4 Qg6 28. Be5 Rd7 29. g3 h4 30. Qa7 Kd8 31. Qxa5+ Ke8 32. dxe6 Qxe6 33. Rae1 Be4 34. Qb5 hxg3 35. a5 Rg6 36. Qb8+ Rd8 37. Qb5+ Rd7 38. Qc5 Qc6 39. Bd4 Qxc5 40. Bxc5 Rd2 41. Rxf5 Re6 42. Rf4 Rg2+ 43. Kf1 Bd3+ 44. Kxg2 Rxe1 45. Kxg3 Ra1 46. Bxb4 Ra4 47. c5 Bb5 48. Bc3 Rxf4 49. Kxf4 h5 50. Kg5 Be2 51. c6 Kd8 52. Be5 Kc8 53. b4 Bb5 54. c7 Kb7 55. Kxh5 Bd7 56. h4 Ka6 57. Kg5 Bc8 58. h5 1-0

[Event "Novosibirsk Seniors op"]
[Site "Novosibirsk"]
[Date "2010.10.01"]
[Round "7"]
[White "Romanov, Viktor"]
[Black "Kuryshev, Alexander"]
[Result "1-0"]
[WhiteElo "1947"]
[BlackElo "1993"]
[PlyCount "129"]
[EventDate "2010.09.24"]
[EventType "swiss"]
[EventRounds "9"]
[EventCountry "RUS"]
[SourceTitle "EXT 2014"]
[Source "ChessBase"]
[SourceDate "2013.11.20"]
[SourceVersion "1"]
[SourceVersionDate "2013.11.20"]
[SourceQuality "1"]

1. d4 e6 2. c4 b6 3. Nf3 Bb7 4. g3 Bxf3 5. exf3 c6 6. Nc3 Nf6 7. b3 d5 8. Bb2 Bb4 9. Bg2 Na6 10. 0-0 Nc7 11. f4 Qd7 12. Rc1 Rd8 13. Qf3 0-0 14. a3 Bd6 15. b4 Be7 16. c5 b5 17. Rfe1 g6 18. Re3 a5 19. Na2 axb4 20. Nxb4 h5 21. h3 Nfe8 22. Rce1 Ng7 23. Bf1 Nf5 24. R3e2 Bf6 25. Rd2 Ra8 26. g4 hxg4 27. hxg4 Ng7 28. Rdd1 Ra4 29. Bd3 Rfa8 30. Bc2 R4a7 31. Kg2 Kf8 32. Qh3 Nge8 33. f5 gxf5 34. gxf5 Ke7 35. Re2 Ng7 36. fxe6 Ngxe6 37. Rde1 Rh8 38. Qg3 Raa8 39. Bf5 Rag8 40. Bg4 Kd8 41. f3 Bh4 42. Qd6 Qxd6 43. cxd6 Bxe1 44. dxc7+ Kxc7 45. Rxe1 Kd6 46. Re5 Nf4+ 47. Kg3 Ng6 48. Rf5 Ne7 49. Rf6+ Kc7 50. Rxf7 Kd8 51. Bc1 Ke8 52. Rf6 Rf8 53. Re6 Rhg8 54. Nxc6 Kd7 55. Ne5+ Kd8 56. Rd6+ Ke8 57. Re6 Kd8 58. Kf2 Rxg4 59. Nxg4 Kd7 60. Rb6 Rc8 61. Ne5+ Ke8 62. Bg5 Rc2+ 63. Kg3 Rc8 64. Re6 Kf8 65. Rxe7 1-0

[Event "Novosibirsk Seniors op"]
[Site "Novosibirsk"]
[Date "2010.09.28"]
[Round "4"]
[White "Norchenko, Konstantin Grigorie"]
[Black "Kuryshev, Alexander"]
[Result "0-1"]
[WhiteElo "1951"]
[BlackElo "1993"]
[PlyCount "26"]
[EventDate "2010.09.24"]
[EventType "swiss"]
[EventRounds "9"]
[EventCountry "RUS"]
[SourceTitle "EXT 2014"]
[Source "ChessBase"]
[SourceDate "2013.11.20"]
[SourceVersion "1"]
[SourceVersionDate "2013.11.20"]
[SourceQuality "1"]

1. d4 e6 2. c4 b6 3. Nc3 Bb4 4. a3 Bxc3+ 5. bxc3 Bb7 6. Qc2 h6 7. e4 Qh4 8. d5 f5 9. Bd3 Ne7 10. Nf3 Qg4 11. 0-0 fxe4 12. Bxe4 exd5 13. h3 Qxe4 0-1

[Event "Novosibirsk Sukharev Memorial Seniors"]
[Site "Novosibirsk"]
[Date "2010.07.23"]
[Round "6"]
[White "Konjkov, Victor"]
[Black "Kuryshev, Alexander"]
[Result "1/2-1/2"]
[WhiteElo "2010"]
[BlackElo "2031"]
[PlyCount "57"]
[EventDate "2010.07.18"]
[EventType "swiss"]
[EventRounds "9"]
[EventCountry "RUS"]
[SourceTitle "EXT 2011"]
[Source "ChessBase"]
[SourceDate "2010.11.26"]
[SourceVersion "1"]
[SourceVersionDate "2010.11.26"]
[SourceQuality "1"]

1. e4 e6 2. d4 d5 3. Nd2 b6 4. e5 c5 5. c3 Qd7 6. f4 Ne7 7. Bd3 Ba6 8. Ndf3 cxd4 9. cxd4 Bxd3 10. Qxd3 Nf5 11. Ne2 Be7 12. 0-0 Nc6 13. Bd2 Nh4 14. Nxh4 Bxh4 15. Rac1 g6 16. Rc2 Rc8 17. Qb5 Qb7 18. Rfc1 a6 19. Qa4 b5 20. Qb3 0-0 21. g4 Bd8 22. g5 Bb6 23. Qd3 Ne7 24. Bb4 Rc4 25. Bxe7 Qxe7 26. b3 Rxc2 27. Qxc2 Kg7 28. Kg2 h6 29. h4 1/2-1/2

[Event "Novosibirsk Sukharev Memorial Seniors"]
[Site "Novosibirsk"]
[Date "2010.07.20"]
[Round "3"]
[White "Kuryshev, Alexander"]
[Black "Boryak, Alexey"]
[Result "1/2-1/2"]
[WhiteElo "2031"]
[BlackElo "1964"]
[PlyCount "99"]
[EventDate "2010.07.18"]
[EventType "swiss"]
[EventRounds "9"]
[EventCountry "RUS"]
[SourceTitle "EXT 2011"]
[Source "ChessBase"]
[SourceDate "2010.11.26"]
[SourceVersion "1"]
[SourceVersionDate "2010.11.26"]
[SourceQuality "1"]

1. e4 c5 2. c3 Nf6 3. d3 d6 4. Be2 Nc6 5. Na3 e5 6. f4 d5 7. fxe5 Nxe5 8. Nf3 Nxf3+ 9. Bxf3 dxe4 10. Bxe4 Be7 11. Bf3 0-0 12. 0-0 a5 13. Bg5 Ra6 14. Qc2 h6 15. Bh4 Rd6 16. Bxf6 Bxf6 17. Be4 Be6 18. Rad1 Qd7 19. Qf2 b6 20. Kh1 Rd8 21. Qg3 b5 22. Rxf6 Kh8 23. Rf2 f5 24. Bf3 Rxd3 25. Rxd3 Qxd3 26. Be2 Qd1+ 27. Bf1 b4 28. cxb4 axb4 29. Nc2 Qc1 30. Qe3 Qxe3 31. Nxe3 g6 32. b3 Kg7 33. g3 Rd4 34. Bc4 Bd7 35. Kg1 h5 36. Kf1 h4 37. Rf4 Rd2 38. gxh4 Rxh2 39. Be2 Rh1+ 40. Kf2 Ra1 41. h5 Rxa2 42. Ke1 Rb2 43. Bd1 Be6 44. Nc4 Rh2 45. hxg6 Kxg6 46. Be2 Kg5 47. Rf1 Bd5 48. Ne5 Rh3 49. Nf3+ Kf6 50. Bd1 1/2-1/2

[Event "Koltsovo op"]
[Site "Koltsovo"]
[Date "2010.07.05"]
[Round "8"]
[White "Moskalev, Alexander"]
[Black "Kuryshev, Alexander"]
[Result "1-0"]
[WhiteElo "1989"]
[BlackElo "2031"]
[PlyCount "75"]
[EventDate "2010.06.28"]
[EventType "swiss"]
[EventRounds "9"]
[EventCountry "RUS"]
[SourceTitle "CBM 137 Extra"]
[Source "ChessBase"]
[SourceDate "2010.09.01"]
[SourceVersion "1"]
[SourceVersionDate "2010.09.01"]
[SourceQuality "1"]

1. e4 e6 2. d3 d5 3. Nd2 Nf6 4. Ngf3 b6 5. e5 Nfd7 6. g3 c5 7. Nb1 Nc6 8. Bf4 g6 9. c3 Qc7 10. d4 a6 11. a3 a5 12. Nbd2 Be7 13. Bh6 Bb7 14. Bb5 Ba6 15. Bxa6 Rxa6 16. Kf1 a4 17. Kg2 b5 18. h4 Bf8 19. Be3 h5 20. Ng5 Ne7 21. g4 f6 22. exf6 Nxf6 23. f3 c4 24. Bf2 Bh6 25. Bg3 Qd7 26. Qe2 hxg4 27. fxg4 Bxg5 28. hxg5 Rxh1 29. Rxh1 Nfg8 30. Rh7 Qc6 31. Nf3 Qb6 32. Ne5 b4 33. axb4 a3 34. bxa3 Rxa3 35. Qf3 Nf5 36. gxf5 exf5 37. Qxd5 Ra2+ 38. Kh3 1-0

[Event "Koltsovo op"]
[Site "Koltsovo"]
[Date "2010.06.30"]
[Round "3"]
[White "Kuryshev, Alexander"]
[Black "Rodionova, Daria"]
[Result "0-1"]
[WhiteElo "2031"]
[BlackElo "1899"]
[PlyCount "50"]
[EventDate "2010.06.28"]
[EventType "swiss"]
[EventRounds "9"]
[EventCountry "RUS"]
[SourceTitle "CBM 137 Extra"]
[Source "ChessBase"]
[SourceDate "2010.09.01"]
[SourceVersion "1"]
[SourceVersionDate "2010.09.01"]
[SourceQuality "1"]

1. e4 c5 2. d3 Nc6 3. f4 e6 4. Nf3 d5 5. exd5 exd5 6. Be2 Bd6 7. 0-0 Nf6 8. c3 Qc7 9. Ne1 0-0 10. Na3 a6 11. Nac2 Re8 12. g3 Bh3 13. Ng2 Re7 14. Bf3 Rae8 15. Re1 Qd7 16. Rxe7 Qxe7 17. Nge3 d4 18. Bxc6 bxc6 19. Nc4 Bc7 20. Bd2 Ng4 21. Qf3 Qe2 22. Qxe2 Rxe2 23. Ne1 Rf2 24. Nf3 Rxf3 25. Re1 h6 0-1

[Event "Koltsovo op"]
[Site "Koltsovo"]
[Date "2010.06.29"]
[Round "2"]
[White "Beletsky, Alexey"]
[Black "Kuryshev, Alexander"]
[Result "1-0"]
[WhiteElo "2322"]
[BlackElo "2031"]
[PlyCount "55"]
[EventDate "2010.06.28"]
[EventType "swiss"]
[EventRounds "9"]
[EventCountry "RUS"]
[SourceTitle "CBM 137 Extra"]
[Source "ChessBase"]
[SourceDate "2010.09.01"]
[SourceVersion "1"]
[SourceVersionDate "2010.09.01"]
[SourceQuality "1"]

1. d4 Nf6 2. c4 g6 3. Nc3 d5 4. cxd5 Nxd5 5. e4 Nxc3 6. bxc3 Bg7 7. Nf3 0-0 8. Be2 c5 9. Rb1 Nc6 10. d5 Bxc3+ 11. Bd2 Bxd2+ 12. Qxd2 Nb8 13. 0-0 b6 14. Qh6 f6 15. Rbd1 Ba6 16. Bxa6 Nxa6 17. e5 Qd7 18. Rfe1 Rad8 19. d6 e6 20. exf6 Rxf6 21. Qh4 Rdf8 22. Ne5 Qg7 23. d7 g5 24. Qc4 b5 25. Qxb5 Nc7 26. Qxc5 Nd5 27. Rxd5 exd5 28. Qxd5+ 1-0